000 00340nam a22001457a 4500
003 OSt
005 20231202042534.0
008 231202b |||||||| |||| 00| 0 eng d
040 _cIIMT UNIVERSITY
100 _aSWAMI, TEJOMAYANAND
245 _aMUNDKOPNISHAD
260 _aGORAKHPUR
_bGEETA PRESS
_c1988
300 _a128
942 _2ddc
_c09
999 _c57736
_d57736